| 000 | 01159nam a22002777a 4500 | ||
|---|---|---|---|
| 003 | BD-DhSAU | ||
| 005 | 20190101110739.0 | ||
| 008 | 160718b2016 bg ||||| |||| 001 0 eng d | ||
| 040 | _aBD-DhSAU | ||
| 082 |
_222 _a581.15 _bB2493 |
||
| 100 |
_aBarlla , Jancy Felomena _eRegistration No # 15-06904 |
||
| 245 |
_aIn vitro propagation of Gladiolus (Gladiolus grandiflorus) / _cBarlla , Jancy Felomena _bMs Thesis |
||
| 260 |
_aSher-e-Bangla Agricultural University : _bDepartment of Genetics and Plant Breeding, _c2016. |
||
| 300 |
_axi, 69 p. : _bill. ; _c30 cm. |
||
| 500 | _aMS thesis of Department of Genetics and Plant Breeding, Faculty of Agriculture, Sher-e-Bangla Agricultural University, Dhaka, Bangladesh | ||
| 504 | _aIncludes bibliographical references. | ||
| 590 | _ashofi | ||
| 650 | _aGenetics and Plant Breeding | ||
| 650 | _aIn vitro | ||
| 650 | _apropagation | ||
| 650 | _aGladiolus (Gladiolus grandiflorus) | ||
| 700 |
_aMahmud , Firoz _eSuperviser |
||
| 700 |
_aHossain , Md. Sarowar _eCo-superviser |
||
| 856 |
_uhttp://archive.saulibrary.edu.bd:8080/xmlui/handle/123456789/1112 _yOnline Access |
||
| 942 |
_2ddc _cTHESIS |
||
| 999 |
_c14246 _d14245 |
||